Problemas de psicología genética

Uloženo v:
Podrobná bibliografie
Hlavní autor: Piaget, Jean (Autor)
Médium: Kniha
Jazyk:španělština
Vydáno: Barcelona Ariel 1976
Vydání:2a. ed
Edice:Ariel Quincenal, 107
Témata:
Tagy: Přidat tag
Žádné tagy, Buďte první, kdo vytvoří štítek k tomuto záznamu!

MARC

LEADER 00000cam a2200000 a 4500
001 UCY6125
003 CL-VaPUC
008 950521e19761000SP |||||||||||||||||spa|d
082 0 4 |a 155.7  |b PIA  |2 21 
100 0 |a Piaget, Jean  |e author  |9 308149 
245 1 0 |a Problemas de psicología genética 
250 |a 2a. ed 
300 |a 196 p 
942 |c BK 
945 |d 19950521 00:00:00  |a cmena 
260 |a Barcelona  |b Ariel  |c 1976 
650 0 |a Psicología   |9 257863 
650 7 |a PSICOLOGIA GENETICA  |2 CL-VaPUC  |9 308771 
650 0 |a Niños  |9 255605 
650 0 |a Desarrollo mental   |9 313003 
650 0 |a Percepción   |9 266750 
650 0 |a Aprendizaje   |9 254827 
650 0 |a Memoria  |9 266549 
650 0 |a Procesos mentales superiores  |9 330839 
650 7 |a PSICOLOGIA EXPERIMENTAL  |2 CL-VaPUC  |9 309015 
583 |a last modification  |c 20131213 03:01:17  |k Rodrigo Vera 
490 0 |a Ariel Quincenal, 107 
999 |c 233708  |d 233706 
952 |0 0  |1 0  |4 0  |6 155_700000000000000_PIA_1976  |7 0  |8 P  |9 239403  |a BIBEDU  |b BIBEDU  |d 2019-11-18  |i 1504223  |o 155.7 PIA 1976  |p 1504223  |r 2019-11-18  |w 2019-11-18  |y BK  |k EDU 
952 |0 0  |1 0  |4 0  |6 155_700000000000000_PIA_1976  |7 0  |8 P  |9 239404  |a BIBEDU  |b BIBEDU  |d 2019-11-18  |i 1504215  |o 155.7 PIA 1976  |p 1504215  |r 2024-01-25  |w 2019-11-18  |y BK  |k EDU 
952 |0 0  |1 0  |3 erb  |4 0  |6 155_700000000000000_PIA_1976  |7 0  |8 P  |9 239405  |a BIBEDU  |b BIBEDU  |i 5035228  |o 155.7 PIA 1976  |p 5035228  |r 2024-01-25  |w 2019-11-18  |y BK  |z Catalogado en:20131213  |k PSI